|
|
|
|
| LEADER |
00000nab a2200000 a 4500 |
| 001 |
vtls000201238 |
| 003 |
SK-MaSNL |
| 005 |
20260304180919.0 |
| 008 |
160201c1984 xo 0 slo |
| 015 |
|
|
|a SNBRB19rr/mm-uuuuu
|
| 035 |
|
|
|a CL0211351
|
| 040 |
|
|
|a SNKBUCL
|b slo
|c SNKBUCL
|e AACR2
|
| 041 |
0 |
|
|a slo
|
| 044 |
|
|
|a xo
|c SK
|
| 080 |
|
|
|a 329.15(100-11):05
|2 1981
|
| 080 |
|
|
|a 05
|2 1981
|
| 100 |
1 |
|
|a Nittmann, Rudolf,
|d 1928-1988
|4 aut
|9 193873
|
| 245 |
1 |
0 |
|a Živé stelesnenie internacionalizmu
|c Rudolf Nittmann
|
| 650 |
0 |
7 |
|a Otázky mieru a socializmu (časopis)
|2 snkbucl
|9 921598
|
| 651 |
|
7 |
|a 3100
|2 snkbucl
|9 920766
|
| 655 |
|
7 |
|a články z novín a časopisov
|2 snkbucl
|9 267496
|
| 773 |
0 |
|
|t Pravda
|g Roč. 65, č. 291 (8. 12. 1984), s. 2
|
| 850 |
|
|
|a Slovenská národná knižnica v Martine
|a MTA001
|
| 852 |
|
|
|a SNK
|b KIS3GCP
|
| 958 |
|
|
|a RK
|
| 958 |
|
|
|a CZ
|
| 992 |
|
|
|a RBX
|
| 999 |
|
|
|c 3020613
|d 3022543
|